000 01003nam a22003130a 4500
001 PT16291
003 AR-LpoUNG
005 20210131232704.0
008 191001s1994||||sp |||||||||||||||||spa d
020 _a8486408377
_c$11.66
040 _aAR-LpoUNG
_bspa
_cAR-LpoUNG
_eaacr
041 _aspa
044 _asp
082 0 _a410 864met
100 1 _aLópez Morales, H.
245 1 0 _aMétodos de investigación lingüistica
250 _a1ª edición
260 _aSalamanca :
_bColegio de España,
_c1994.
300 _a190 p. :
_btbls.
520 _aLa obra busca servir de guía para quienes se inician en la investigación lingüística, dando un panorama general de como encarar la metodología de investigación desde esta disciplina.
650 4 _aCUESTIONARIOS
650 4 _aENTREVISTAS
650 4 _aMETODOLOGIA
650 4 _aMONOGRAFIAS
650 4 _aPROCESAMIENTO ELECTRONICO DE DATOS
651 4 _aDOCUMENTOS TEORICOS O METODOLOGICOS
905 _a16291
942 _cLIB
999 _c16959
_d16959